01030nam a2200193 a 450000100060000000300090000600800410001502000130005604000280006911000200009724500150011726000410013250000540017350504100022765000330063794200120067099900170068295201370069915752CO-ViMGA141112s2004 ck r 000 u spa d a01236326 aCO-ViMGAbspacCO-ViMGA aEl Tiempo9897210aPORTAFOLIO aBogotá, ccasa editorial el Tiempo aSolicitar el ejemplar de la tabla de contenido.  aPORTAFOLIO MAYO 7 - 2003 : Maratón en el plan de desarrollo - La WWW cumplió diez años PORTAFOLIO MAYO 8 - 2003 : Una mirada a los niños desatentos, deficit de atención - Oficina del futuro, adiós a los papeles y bienvenidos los bits - Supervisan niños vía satelite, GPS - Accidentes de trabajo se crecen PORTAFOLIO MAYO 9 - 2003 : Compruebelo el vino ecológico bien se merece una copa14aEconomía Y NEGOCIOS922651 2ddccBK c25842d25842 01102ddc44708002aMEVIECARbMEVIECARd2015-12-04hVolumen. 1 | 11/jun/2009l0p15752r2015-12-04 00:00:00tEj. 1w2015-12-04yBK